[Event "Baltic Zonal II Stage 2018"]
[Site "Palanga"]
[Date "2018.06.17"]
[Round "5"]
[White "Sulskis, Sarunas"]
[Black "Chukavin, Kirill"]
[Result "1/2-1/2"]
[WhiteElo "2506"]
[BlackElo "2256"]
[Annotator "TA"]
[PlyCount "113"]
[EventDate "2018.??.??"]
[EventType "swiss"]
[EventCountry "LTU"]
[SourceTitle "playchess.com"]
[Source "ChessBase"]
[SourceQuality "1"]

{[%evp 20,113,12,5,7,2,22,19,12,14,13,0,5,-11,-5,-7,-5,-61,-67,-63,-56,-60,-55,-61,-50,-51,0,-7,-11,-64,-36,-40,-26,-31,0,-3,0,-3,-3,0,0,0,5,0,26,0,0,0,0,-6,0,0,9,8,34,0,0,-8,0,-15,0,-32,0,0,0,-8,0,0,0,-1,-1,-2,0,0,0,0,0,-1,0,0,7,0,0,0,0,0,0,0,0,0,0,0,0,0,0,0]} 1. d4 Nf6 2. c4 e6 3. Nc3 Bb4 4. e3 O-O 5. Nge2 d5 6. a3 Bd6 7. c5 Be7 8. b4 b6 9. Nf4 a5 {E46: Nimzoindisch (Rubinstein-System)} 10. Rb1 (10. Bb2 axb4 11. axb4 Rxa1 12. Bxa1 Nc6 13. b5 Nxd4 14. exd4 bxc5 15. dxc5 Bxc5 16. Bd3 d4 17. Ne4 {½-½ (44) Navara,D (2735)-Cheparinov,I (2681) Jerusalem 2015}) 10... c6 11. Be2 {LiveBook: 9 Partien} Nbd7 12. O-O Ba6 13. Bxa6 $146 ({Vorgänger:} 13. Bb2 Qc7 14. Qc2 Rfc8 15. Rfc1 Bf8 16. h3 g6 17. Qd2 {1-0 (61) Shen,Y (2415)-Zhai,M (2301) Zhongshan 2013}) 13... Rxa6 14. Nd3 Ne4 15. Bd2 Qa8 16. f3 (16. Nxe4 {is interesting.} dxe4 17. Nb2 axb4 18. Bxb4 bxc5 19. dxc5 Qa7 20. Qd4) 16... Nxc3 (16... Nxd2 {feels hotter.} 17. Qxd2 axb4 18. axb4 Ra3 19. f4 Rb8) 17. Bxc3 axb4 18. Bxb4 ({Besser ist} 18. axb4 $11 Bg5 19. f4) 18... bxc5 $15 19. dxc5 Bf6 20. Qc2 g6 21. e4 Bg7 22. Kh1 Qd8 (22... Ra7 $15) 23. exd5 exd5 24. Rfe1 (24. a4 $11) 24... Ra8 25. a4 Qf6 26. a5 Qd4 27. Bd2 Rfe8 28. Rb4 Rxe1+ 29. Bxe1 Qe3 30. Bf2 Qe8 31. Ra4 Ne5 32. Nxe5 Bxe5 33. a6 Qb8 34. Qe2 Qb1+ (34... Bc3 {is more complex.} 35. Qd1 Qb2 36. Be3 Ra7 37. h3 Kg7) 35. Qe1 Qxe1+ 36. Bxe1 $11 {[%mdl 4096] Endspiel KTL-KTL} Kf8 37. a7 Ke8 38. Ra6 Kd7 39. Ba5 Bc7 40. Bc3 Bd8 41. Be5 {Die Stellung ist ausgeglichen.} Bc7 42. f4 f6 43. Bxf6 {zielt auf Le5 ab.} Bxf4 44. g3 $132 {[%mdl 2048] Weiss is not keeping still} Be3 45. Be5 $1 Bxc5 46. Bb8 d4 47. Kg2 d3 48. Kf3 Bd4 49. g4 c5 50. Ra3 ({Natürlich nicht} 50. Bf4 Kc8 $15) 50... c4 51. Ra4 $1 Ke6 52. Ra6+ Ke7 (52... Kd5 $2 53. Rd6+ Kc5 54. Rd8 $18) 53. Ra4 Ke6 {[#] ...Kd5 ist eine echte Drohung.} 54. Ra6+ Ke7 {Und ...c3 würde nun gewinnen.} ({Vergiftet wäre} 54... Kd5 $2 55. Rd6+ Kc5 56. Rd8 $18) 55. Ra4 Ke6 {Und weiter mit ...Kd5 wäre nett.} 56. Ra6+ Ke7 {Weiss muss nun ...c3 beachten.} ({Falsch wäre} 56... Kd5 $2 57. Rd6+ Kc5 58. Rd8 $18) 57. Ra4 {Precision: Weiß = 57%, Schwarz = 37%.} 1/2-1/2

[Event "Baltic Zonal II Stage 2018"]
[Site "Palanga"]
[Date "2018.06.17"]
[Round "5"]
[White "Miezis, Normunds"]
[Black "Ladva, Ottomar"]
[Result "1-0"]
[WhiteElo "2468"]
[BlackElo "2499"]
[Annotator "TA"]
[PlyCount "229"]
[EventDate "2018.??.??"]
[EventType "swiss"]
[EventCountry "LTU"]
[SourceTitle "playchess.com"]
[Source "ChessBase"]
[SourceQuality "1"]

{[%evp 24,229,0,2,18,-9,4,-10,-8,-10,33,31,36,43,32,21,58,56,59,59,63,60,60,58,60,58,59,60,64,64,55,55,67,68,68,58,106,100,104,106,110,95,90,97,163,161,149,137,148,156,163,164,165,165,165,155,150,103,110,131,186,186,190,178,154,145,265,255,237,201,391,391,391,391,391,391,406,391,391,384,384,384,384,374,383,383,384,410,403,387,390,384,512,379,385,376,990,343,322,297,284,256,1461,1461,1558,1530,1527,1997,2878,2522,2237,1563,10613,1461,1461,1461,1461,1461,1461,1461,1461,1461,1461,1461,1461,1461,1461,1461,1461,1461,1461,1461,1453,1446,1453,1446,2328,2272,1931,900,1449,926,5199,900,3405,2583,1825,908,1512,1076,1134,900,900,900,900,900,900,0,900,900,900,900,900,900,900,900,900,900,900,900,900,900,900,893,893,579,900,900,893,893,886,886,886,886,886,886,886,877,855,840,900,893,845,845,749,683,557,408,467,408,616,372,29976,29977,29978,29974,29974,29970]} 1. c4 e6 2. e4 d5 3. exd5 exd5 4. d4 Nf6 5. Nc3 Bb4 6. Bd3 O-O 7. Nge2 dxc4 8. Bxc4 Nbd7 {C01: French: Exchange Variation} 9. O-O Nb6 10. Bb3 Re8 11. Bg5 h6 12. Bh4 Be6 13. d5 {LiveBook: 3 Games} Bf5 {[#]} 14. Rc1 $146 ({Predecessor:} 14. Ng3 Bh7 15. Nh5 Be7 16. d6 Qxd6 17. Nxf6+ Bxf6 18. Qxd6 cxd6 19. Bxf6 gxf6 {1-0 (58) Rakhmanov,A (2654)-Nivala,T (2255) Hamina 2016}) 14... a6 15. Nd4 Bg6 16. Qf3 Bxc3 17. Bxf6 Qxf6 18. Qxf6 gxf6 19. Rxc3 Re7 20. Rfc1 $1 Rd8 21. Rxc7 Nxd5 22. Rxe7 $1 Nxe7 23. Rd1 Rd6 24. f3 Nc6 25. Nxc6 Rxc6 $14 {[%mdl 4096] Endgame KRB-KRB} 26. Rd7 b5 27. Kf2 a5 28. Rd5 a4 29. Bd1 Bc2 {White should prevent ...Bxd1.} 30. Be2 b4 31. Rd4 Rb6 32. Rd8+ Kg7 33. Ra8 a3 (33... Rc6 $16 {might work better.}) 34. bxa3 $18 bxa3 35. Rxa3 Rb2 36. Ke3 Bf5 37. Ra7 Be6 38. a4 Rb3+ 39. Kd2 Rb2+ 40. Kd1 Rb1+ 41. Kc2 $1 {[%cal Rc2b1]} Rg1 (41... Rh1 $16) 42. g3 $1 Rg2 43. Kd3 Rxh2 44. a5 {Strongly threatening Rc7.} Rh3 (44... h5 $16 {was worth a try.} 45. a6 h4 46. gxh4 Rxh4) 45. a6 Rxg3 46. Rc7 $1 Bd5 $2 (46... Rg5 47. a7 Ra5) 47. Ke3 Rg1 48. Rc5 Be6 49. Ra5 Bd7 50. a7 Bc6 51. a8=Q Bxa8 52. Rxa8 {KRB-KR} Rc1 53. Ra5 Rc7 54. Bd3 Re7+ 55. Kf4 Rb7 56. Be4 Rc7 57. Rb5 Ra7 58. Kf5 Re7 59. f4 Ra7 $2 (59... Rc7 60. Bf3 Ra7) 60. Bd5 $2 (60. Bb7 h5 61. Bf3) 60... Rd7 61. Ke4 Re7+ 62. Kd4 Kg6 $2 (62... Re2 63. Rb7 Kg6 64. Be4+ (64. Bxf7+ Kf5 $18) 64... Kg7) 63. Be4+ Kg7 64. Rb7 Re8 65. Bd5 Rf8 66. f5 h5 67. Ke4 Kh6 68. Kf4 (68. Rxf7 $142 Rxf7 69. Bxf7) 68... Rd8 69. Be4 Kg7 70. Rb1 Rd4 71. Rh1 Kh6 72. Ke3 Ra4 73. Bf3 h4 {[#]} 74. Be4 $1 Kh5 75. Kf4 Rb4 76. Rg1 Kh6 77. Rg4 Ra4 78. Rxh4+ Kg7 79. Rh1 Kf8 80. Rh8+ Kg7 81. Ra8 Rb4 82. Ra7 Rb5 83. Rc7 (83. Bc2 $142 Rb8 84. Bd3) 83... Ra5 84. Bd3 Ra4+ 85. Ke3 (85. Kf3 $142 Ra3 86. Ke3) 85... Ra3 86. Ke4 Ra4+ 87. Kd5 Ra5+ {[#]} 88. Kd6 $1 Re5 89. Ra7 Kf8 90. Rc7 Kg7 91. Rc5 Re1 92. Bc4 Rd1+ 93. Rd5 Rc1 94. Rd4 Re1 95. Bd3 Re8 96. Kc5 Rc8+ 97. Kb4 Re8 98. Rd5 Re7 99. Kc5 Rc7+ 100. Kd4 Rc1 101. Bc4 Re1 102. Rc5 Re7 103. Ra5 Kh6 104. Bd3 Kg7 105. Be4 Rd7+ 106. Ke3 Rd1 107. Ra7 Re1+ 108. Kf3 Rf1+ 109. Ke2 Rf4 110. Bd3 Rd4 111. Rc7 Rd8 (111... Ra4 $142 112. Bc4 Kh6 113. Bxf7 Kg5) 112. Bc4 Rf8 $2 (112... Kh6 $18 113. Bxf7 Kg5) 113. Kf3 {White mates.} Kg8 114. Bd5 Kg7 115. Ra7 {Precision: White = 85%, Black = 37%.} 1-0

[Event "Baltic Zonal II Stage 2018"]
[Site "Palanga"]
[Date "2018.06.17"]
[Round "5"]
[White "Kanep, Meelis"]
[Black "Kantans, Toms"]
[Result "0-1"]
[WhiteElo "2454"]
[BlackElo "2526"]
[Annotator "TA"]
[PlyCount "86"]
[EventDate "2018.??.??"]
[EventType "swiss"]
[EventCountry "LTU"]
[SourceTitle "playchess.com"]
[Source "ChessBase"]
[SourceQuality "1"]

{[%evp 22,86,9,0,45,52,49,50,144,143,193,25,34,23,35,24,48,1,8,4,4,-28,-25,-52,-52,-55,-34,-28,-43,-45,0,-100,-35,-112,-114,-96,-106,-108,-104,-118,-114,-118,-114,-625,-254,-265,-131,-126,-133,-125,-143,-260,-249,-281,-183,-350,-258,-264,-264,-263,-253,-366,-365,-337,-343,-345,-362]} 1. d4 Nf6 2. c4 g6 3. Nc3 d5 4. cxd5 Nxd5 5. e4 Nxc3 6. bxc3 Bg7 7. Bc4 c5 8. Ne2 O-O 9. Be3 Nc6 10. h4 cxd4 11. cxd4 Qa5+ 12. Kf1 {LiveBook: 15 Games} Bg4 {D87: Exchange Grünfeld: Classical Line: Variations without ...cxd4} (12... Qa3 13. h5 Na5 14. Bd3 Be6 15. Kg1 Nc4 16. Bc1 Nb2 17. Bxb2 Qxb2 18. h6 Bh8 19. e5 Rad8 20. Rb1 {0-1 (74) Ivanisevic,I (2650)-Piorun,K (2681) Belgrade 2016}) 13. f3 Bd7 14. h5 Rac8 (14... Qa3 $14 15. Kf2 Na5) 15. hxg6 $16 hxg6 {[#]} 16. Kf2 $146 ({Better is} 16. Bd2 $1 $18 {[%cal Rd2a5]} Qd8 17. Qe1) ({Predecessor:} 16. Rc1 Rfd8 17. Bd2 Qb6 18. Qe1 Nxd4 19. Ba5 Qb2 20. Bxd8 Nxe2 21. Bxf7+ Kxf7 22. Rxc8 Bb5 23. Qf2 Qa1+ 24. Qe1 Nf4+ 25. Kf2 Nd3+ {0-1 (25) Slak,M (2225)-Sale,S (2445) Portoroz 1994}) 16... Rfd8 $1 $11 17. Bb3 {aiming for Qg1.} Be8 18. Rc1 e6 19. d5 exd5 $1 20. Bxd5 Nb4 21. Rxc8 Rxc8 22. Bd4 {Strongly threatening Bxf7+!} Nxd5 23. Bxg7 Kxg7 24. exd5 {Black must now prevent Qd4+.} Qc5+ 25. Kg3 Rd8 26. Qd2 (26. Qa1+ $11 f6 27. Nc3 (27. Nf4 $2 Qd6 $19) 27... Qd6+ 28. Kf2) 26... Rxd5 (26... Qxd5 $17 27. Qh6+ Kf6 28. Qh8+ Ke7) 27. Qh6+ (27. Qb2+ $1 $15 f6 28. Rh4) 27... Kf6 $17 28. Nf4 Rg5+ 29. Kh2 Qe5 30. Qh8+ Ke7 31. Qh4 Kf8 $36 {[%mdl 2048] Black is on the roll.} 32. Kg1 $2 {[%mdl 8192]} (32. Re1 $17 Rh5 33. Rxe5 Rxh4+ 34. Kg3) 32... Bc6 (32... Qd4+ $142 33. Qf2 Qxf4) 33. Rh3 $19 Rf5 (33... Bd7 $19 {has better winning chances.} 34. Qh8+ Ke7 35. Qxe5+ Rxe5) 34. Qd8+ $17 Be8 35. Nd3 Qf6 36. Qc7 (36. Qxf6 $17 {was necessary.} Rxf6 37. Rh8+ Ke7 38. Rh4) 36... Qd4+ $19 37. Nf2 Rc5 38. Qb8 $2 (38. Qg3) 38... Qa1+ ({Not} 38... Rc1+ 39. Kh2 $17) 39. Kh2 {[#]} Qe5+ $1 40. Qxe5 Rxe5 41. Ng4 (41. a3 $142) 41... Ra5 42. Rh8+ Ke7 43. Ne3 Bc6 {Precision: White = 43%, Black = 55%.} ({Don't take} 43... Rxa2 44. Nd5+ Kd6 45. Nc3 $19) 0-1

[Event "Baltic Zonal II Stage 2018"]
[Site "Palanga"]
[Date "2018.06.17"]
[Round "5"]
[White "Seeman, Tarvo"]
[Black "Pultinevicius, Paulius"]
[Result "0-1"]
[WhiteElo "2425"]
[BlackElo "2395"]
[Annotator "TA"]
[PlyCount "86"]
[EventDate "2018.??.??"]
[EventType "swiss"]
[EventCountry "LTU"]
[SourceTitle "playchess.com"]
[Source "ChessBase"]
[SourceQuality "1"]

{[%evp 21,86,0,10,-33,-31,-21,-27,-37,-39,-51,-58,-54,-45,-65,-70,-78,-78,-71,-78,-86,-56,-59,-45,-104,-58,-139,-137,-134,-136,-206,-212,-191,0,-87,-98,-129,-77,-76,-125,-110,-43,-53,-56,-50,-68,-61,-59,-37,8,-141,-110,-223,-216,-348,-372,-402,-398,-398,-395,-389,-391,-658,-475,-658,-673,-29997,-29998]} 1. Nf3 d5 2. g3 c6 3. Bg2 Bg4 4. b3 Nd7 5. Bb2 Ngf6 6. O-O e6 7. d3 Bc5 8. Nbd2 O-O 9. c4 Qe7 10. a3 a5 11. Qc2 {A12: English Opening: 1...c6 with b3 by White} Rfd8 {LiveBook: 3 Games} 12. e4 dxe4 13. dxe4 {Black is slightly better.} e5 14. h3 Bh5 15. Rfe1 Ne8 $146 ({Predecessor:} 15... Bg6 16. Nh4 Nh5 17. Nf1 Bb6 18. Ne3 Nc5 {1-0 (53) Clemens,C (2300)-Boehnisch,M (2378) Dresden 2007}) 16. Nh4 f6 17. Nf5 Qf8 18. Nf3 Nc7 19. g4 Bf7 20. g5 Bh5 21. gxf6 $1 Qxf6 22. Rad1 (22. Qc3 $15) 22... Ne6 23. Rxd7 (23. Qc3 $1 $15) 23... Rxd7 $17 24. Nxe5 Nf4 {Threatens to win with ...Qg5!} 25. Kh1 {[#]} (25. Nxd7 $2 {is the wrong capture.} Qg5 $19) (25. h4 $17) 25... Qg5 $1 $19 {[%csl Gf4][%cal Rg5g2][%mdl 512]} 26. Bf1 Rc7 $2 (26... Rad8 $19 27. Nxd7 Rxd7) 27. h4 (27. Bc1 $1 $11 Re7 28. Nxe7+ Bxe7 29. Nd3 Bf3+ 30. Kh2) 27... Qd8 $1 $17 28. f3 Ng6 $40 {[%mdl 128] Black wants a kill.} ({Black should play} 28... b6 $1 29. Rd1 Qe8) 29. Rd1 Qe8 $1 30. Ng4 {[#] Hoping for Nxg7.} Bxg4 (30... Qf8 $1 $17 31. Qc3 Rf7) 31. fxg4 $15 Rd8 $1 {[%cal Rd8d1]} 32. Rxd8 Qxd8 33. b4 $1 {[%cal Rb4c5]} axb4 34. axb4 Bf8 {Strongly threatening ...c5.} 35. g5 (35. c5 $11 {was the only way to keep the balance.} Kh8 36. g5) 35... c5 $17 ({Weaker is} 35... Bxb4 36. c5 $11) 36. bxc5 (36. b5 $17) 36... Bxc5 $19 37. e5 (37. Bc3 {is a better defense.}) 37... Rd7 38. e6 Rd1 39. Qe2 Qd2 40. Qxd2 Rxd2 41. Bc3 $2 (41. e7 Kf7 42. h5 Rxb2 {[#]} 43. e8=Q+ $1 {[%mdl 512]} Kxe8 44. hxg6 hxg6 45. Nh4) 41... Rf2 42. Bh3 Rf3 43. e7 Rxh3+ {Precision: White = 32%, Black = 81%.} 0-1

[Event "Baltic Zonal II Stage 2018"]
[Site "Palanga"]
[Date "2018.06.17"]
[Round "5"]
[White "Vedrickas, Tautvydas"]
[Black "Stremavicius, Titas"]
[Result "0-1"]
[WhiteElo "2408"]
[BlackElo "2444"]
[Annotator "TA"]
[PlyCount "70"]
[EventDate "2018.??.??"]
[EventType "swiss"]
[EventCountry "LTU"]
[SourceTitle "playchess.com"]
[Source "ChessBase"]
[SourceQuality "1"]

{[%evp 17,70,0,19,0,0,6,50,10,14,-18,-5,-57,-54,-192,-210,-450,-184,-185,-46,-50,-58,-62,-81,-264,-129,-154,-160,-147,-154,-157,-162,-154,-158,-228,-228,-233,-233,-225,-225,-225,-214,-278,-272,-282,-255,-528,-506,-602,-593,-729,-730,-718,-722,-847,-837]} 1. d4 d5 2. Nf3 Nf6 3. e3 e6 4. Bd3 Be7 5. O-O O-O 6. Nbd2 c5 7. b3 b6 8. Qe2 Bb7 9. Bb2 Ne4 {LiveBook: 6 Games. D05: Colle System with ...e6} (9... Nbd7 10. c4 cxd4 11. exd4 Re8 12. Rac1 Rc8 13. Rfd1 Bf8 14. Ne5 dxc4 15. bxc4 Nxe5 16. dxe5 Nd7 17. Be4 Qc7 18. Bxb7 Qxb7 19. Ne4 {1-0 (49) Mamedyarov,S (2804)-Ju,W (2572) chess.com INT 2018}) 10. c4 Nxd2 $146 ({Predecessor:} 10... Bf6 11. Rac1 Nxd2 12. Nxd2 dxc4 13. bxc4 cxd4 14. exd4 Bxd4 15. Bxh7+ Kxh7 16. Qd3+ Kg8 17. Qxd4 Qxd4 18. Bxd4 {1-0 (70) El Debs,F (2351)-Fier,A (2489) Sao Paulo 2005}) 11. Nxd2 dxc4 {The position is equal.} (11... cxd4 {feels hotter.} 12. cxd5 dxe3 13. Qxe3 Bxd5 14. Ne4 Nd7) 12. bxc4 (12. Nxc4 {is more complex.} cxd4 13. Bxd4 Nc6 14. Bb2 Qc7 15. Rac1) 12... Nc6 {[%cal Rc5d4]} 13. Rad1 cxd4 14. exd4 (14. Be4 $11) 14... Nxd4 $15 15. Bxh7+ (15. Qe3 $15 Nf5 16. Bxf5 exf5 17. Qg3) 15... Kxh7 $19 16. Qh5+ Kg8 17. Nb3 {[#]} Bf6 ({Black should try} 17... e5 $1 $19 {...Bf6 is the strong threat.} 18. Nxd4 (18. Qxe5 Bf6) 18... exd4 19. Bxd4 Qc8 20. Bxg7 Kxg7) 18. Nxd4 Qc7 19. Rd3 {Threatens to win with Rh3.} Qc5 20. Qh3 $2 (20. Qg4 $17 {is a better defense.} Qxc4 21. Rh3) 20... Be4 ({Less strong is} 20... Qxc4 21. Nc6 $1 $15 {[%mdl 512]}) (20... Rfd8 $1 $19 {[%cal Rf6d4] has better winning chances.} 21. Nxe6 Rxd3 22. Nxc5 Rxh3 23. Nxb7 Rd3 24. Bxf6 gxf6) 21. Nxe6 {[#]} Qf5 $1 $40 {[%mdl 128] Black has strong attack.} (21... Qxc4 22. Bxf6 Qxd3 23. Qg4 $11) 22. Nd4 Qxh3 23. Rxh3 Rfd8 24. Rd1 Rac8 25. Re3 (25. Rd2 $17 {was worth a try.}) 25... Bg6 26. Re2 Rxc4 27. Red2 Bg5 28. Re2 Kh7 29. g4 {[#]} Bc2 $1 {[%mdl 512]} 30. Rde1 (30. Nxc2 Rxg4+) 30... Bd3 31. Re5 $2 (31. Re3 Bxe3 32. fxe3) 31... Bf6 {Black is clearly winning.} 32. Rh5+ Kg6 33. f4 Bxd4+ 34. Bxd4 Rcxd4 35. f5+ {[#]} Bxf5 $1 {Precision: White = 26%, Black = 59%.} 0-1

[Event "Baltic Zonal II Stage 2018"]
[Site "Palanga"]
[Date "2018.06.17"]
[Round "5"]
[White "Bernotas, Arturs"]
[Black "Starostits, Ilmars"]
[Result "1-0"]
[WhiteElo "2407"]
[BlackElo "2461"]
[Annotator "TA"]
[PlyCount "65"]
[EventDate "2018.??.??"]
[EventType "swiss"]
[EventCountry "LTU"]
[SourceTitle "playchess.com"]
[Source "ChessBase"]
[SourceQuality "1"]

{[%evp 24,65,15,15,21,18,18,19,21,4,58,49,69,62,106,103,93,91,245,244,309,319,400,388,292,0,175,188,275,275,488,318,307,293,297,289,1216,1212,1129,1060,2847,2485,29986,29987]} 1. e4 c6 2. Nc3 d5 3. d4 dxe4 4. Nxe4 Bf5 5. Ng3 Bg6 6. Nh3 e6 7. c3 Bd6 8. Nf4 Nf6 9. h4 {B18: Caro-Kann (Hauptvariante)} Qc7 10. Qf3 Nbd7 11. h5 Bc2 12. h6 g6 13. Bd3 {LiveBook: 25 Partien} Bxd3 14. Nxd3 Qa5 15. Bf4 Bxf4 16. Qxf4 {[#]} O-O $146 ({Besser ist} 16... O-O-O $11) ({Vorgänger:} 16... g5) 17. O-O $14 Qb5 18. Ne5 Rad8 19. c4 Qb4 20. Rfe1 c5 $2 {[#]} (20... Ne8 $16 {ist wohl besser.}) 21. dxc5 $18 Qxc5 22. Rad1 Qe7 23. Nf5 Qc5 {[#]} 24. Ng3 (24. b4 $142 $1 {[%cal Rb4c5]} Qxb4 25. Qd4) 24... Qe7 $1 25. Nxd7 $40 {[%mdl 128] Weiss riecht Blut.} Nxd7 (25... Rxd7 $142 26. Rxd7 Nxd7) 26. Qc7 b6 $2 (26... f5 27. Qxb7 Kf7 28. Qxa7 Nf6) 27. Re2 {[%cal Be1e2,Be2d2,Bd2d7][%mdl 32]} f5 28. Red2 {[%cal Rd2d7]} ({Weniger gut wäre} 28. Qxa7 Kf7 $16) 28... Rf7 29. b4 {[%cal Bb2b4,Bb4c5,Bc5c6][%mdl 32]} ({Schwächer ist} 29. Qxa7 e5 $16) 29... e5 $2 (29... Qe8 30. Rd4 (30. Qxa7 Ra8 $14) 30... e5) 30. c5 bxc5 31. bxc5 e4 32. c6 e3 33. Rxd7 {Precision: Weiß = 89%, Schwarz = 24%.} 1-0

[Event "Baltic Zonal II Stage 2018"]
[Site "Palanga"]
[Date "2018.06.17"]
[Round "5"]
[White "Samolins, Vitalijs"]
[Black "Malisauskas, Vidmantas"]
[Result "1/2-1/2"]
[WhiteElo "2406"]
[BlackElo "2422"]
[Annotator "TA"]
[PlyCount "56"]
[EventDate "2018.??.??"]
[EventType "swiss"]
[EventCountry "LTU"]
[SourceTitle "playchess.com"]
[Source "ChessBase"]
[SourceQuality "1"]

{[%evp 20,56,35,25,32,20,36,25,25,15,34,27,71,66,54,63,139,66,122,43,139,91,98,107,125,143,127,121,150,57,103,43,82,19,12,0,0,0,0]} 1. e4 c5 2. Nf3 d6 3. Bb5+ Bd7 4. Bxd7+ Nxd7 5. c4 Ngf6 6. Nc3 e6 7. O-O Be7 8. d4 cxd4 9. Nxd4 a6 {B52: Sicilian: Moscow Variation with 3...Bd7} 10. b3 O-O 11. Bb2 {LiveBook: 22 Games} Qb6 {White has an edge.} (11... Qa5 12. Qe1 Qc5 {1-0 (39) Bartel,M (2609)-Moranda,W (2599) Zgierz 2018}) 12. Kh1 Rad8 $146 ({Predecessor:} 12... Rfe8 13. f4 h5 14. f5 e5 15. Nc2 Rac8 16. Qe2 Qa7 17. Nb4 b5 18. cxb5 axb5 {½-½ (30) Salter,D (2370)-Ottesen,S (2370) ICCF email 2005}) 13. Qd2 Rfe8 14. Rad1 Bf8 15. f3 d5 16. cxd5 exd5 17. exd5 ({But not} 17. Nxd5 Nxd5 18. exd5 Nf6 $11) 17... Re5 {[#]} (17... g6 $14) 18. Nc2 (18. g4 $1 $16) 18... Qd6 ({Better is} 18... Ree8 $14) 19. Rfe1 (19. g4 $16) 19... Rde8 ({Much weaker is} 19... Rh5 $6 20. g4 $16) (19... Rxe1+ $14 20. Rxe1 Rc8) 20. Rxe5 Nxe5 21. Ba3 Qb8 22. Bxf8 Kxf8 23. Ne3 Ned7 24. Qd4 (24. d6 $16) 24... b5 25. Nc2 ({White should try} 25. Kg1 $16) 25... Qb6 26. Qxb6 (26. Qb4+ $16 Kg8 27. Rd2) 26... Nxb6 $11 {The position is equal.} 27. h3 Rc8 28. Rd3 Nbxd5 {Precision: White = 41%, Black = 15%.} 1/2-1/2

[Event "Baltic Zonal II Stage 2018"]
[Site "Palanga"]
[Date "2018.06.17"]
[Round "5"]
[White "Klabis, Rokas"]
[Black "Garanin, Aleksei"]
[Result "1/2-1/2"]
[WhiteElo "2383"]
[BlackElo "2171"]
[Annotator "TA"]
[PlyCount "99"]
[EventDate "2018.??.??"]
[EventType "swiss"]
[EventCountry "LTU"]
[SourceTitle "playchess.com"]
[Source "ChessBase"]
[SourceQuality "1"]

{[%evp 13,99,24,36,28,28,20,22,14,47,20,26,20,21,21,21,18,17,14,36,0,0,0,0,0,0,0,0,0,0,0,8,0,0,0,0,0,0,-11,-3,-114,-13,-17,0,0,0,0,0,0,0,0,0,0,0,-5,-4,-4,-10,-4,-5,-10,-4,-4,-4,-4,-4,-8,-8,-36,-27,-34,0,-131,-82,-87,-8,-8,0,0,0,0,8,8,9,9,9,0,0,0]} 1. e4 c5 2. Nf3 d6 3. Bb5+ Nd7 4. a4 Ngf6 5. Nc3 g6 (5... a6 6. Be2 b6 7. O-O Bb7 8. Re1 g6 9. d4 cxd4 10. Nxd4 Bg7 11. Bg5 h6 12. Bh4 O-O 13. Bc4 {1-0 (36) Jones,G (2651)-Inarkiev,E (2684) Batumi 2018}) 6. O-O {B51: Sicilian: Moscow Variation (3 Bb5+) without 3...Bd7} Bg7 7. Re1 O-O {LiveBook: 5 Games} 8. a5 {White is slightly better.} a6 9. Bf1 e5 10. d3 h6 $146 ({Predecessor:} 10... Nb8 11. Bg5 h6 12. Bxf6 Bxf6 13. Nd5 {1-0 (61) Lukin,A-Palatnik,S Uzhgorod (Ukraine) 1972}) 11. Bd2 Nb8 12. Na4 Nc6 13. Nb6 Rb8 14. Nxc8 Rxc8 15. g3 Qd7 16. Bc3 Rfe8 17. Nd2 d5 18. exd5 Nxd5 19. Bg2 Rcd8 20. Nc4 f5 21. Ra3 Nxc3 22. Bxc6 Qxc6 23. Rxc3 e4 24. Rb3 Kh7 25. Qc1 Rd4 26. h4 {[#]} (26. Rb6 $11 {keeps the balance.} Qd7 27. b3) 26... exd3 (26... f4 $1 $17 {[%mdl 512]} 27. Qd1 (27. Qxf4 exd3) 27... Rf8) 27. cxd3 $11 Rxe1+ 28. Qxe1 Qf3 29. Nd2 $1 {[%cal Rd2f3]} Qd5 30. Qe2 Ra4 31. Qf3 Ra1+ 32. Kg2 Qe6 33. Qe3 (33. h5 {is interesting.} g5 34. Rb6 Qe1 35. Qxf5+ Kh8 36. Kh3) 33... Qxe3 34. fxe3 {[#] And now Nc4 would win.} Rxa5 {White must now prevent ...b5.} 35. Rxb7 Rb5 36. Rxb5 axb5 {[%mdl 4096] Endgame KB-KN} 37. b3 Bc3 38. Nf3 Kg7 39. Kf2 Kf6 40. Ke2 Ke6 41. d4 cxd4 42. exd4 (42. Nxd4+ $11 Bxd4 43. exd4) 42... Kd5 43. Kd3 b4 ({Black should play} 43... Bb4 $17 {Strongly threatening ...Bd6.} 44. Ne5 g5) 44. Ne5 {The position is equal.} g5 45. hxg5 $1 hxg5 46. Nf3 $1 f4 (46... g4 $5 47. Nh4 $8 Bxd4 $11) 47. g4 Bb2 48. Nxg5 {Threatens to win with Nf3.} Bxd4 49. Nf3 Bc3 50. Ng5 {Precision: White = 64%, Black = 59%.} 1/2-1/2